DESERCION ESCOLAR EN LOS CENTROS EDUCATIVOS DEL NIVEL BASICO DEL MUNICIPIO DE POLO DEL DISTRITO EDUCATIVO 01 04 DE CABRAL 2009 (Record no. 386)
[ view plain ]
| 000 -LEADER | |
|---|---|
| campo de control de longitud fija | 00831nam a22001937a 4500 |
| 001 - NÚMERO DE CONTROL | |
| campo de control | 1424 |
| 005 - FECHA Y HORA DE LA ÚLTIMA TRANSACCIÓN | |
| campo de control | 20250522045537.0 |
| 008 - DATOS DE LONGITUD FIJA--INFORMACIÓN GENERAL | |
| campo de control de longitud fija | 5230202009 dr a |
| 090 ## - LOCALMENTE ASIGNADO TIPO-LC NÚMERO DE CLASIFICACIÓN (OCLC); NÚMERO DE CLASIFICACIÓN LOCAL (RLIN) | |
| Número de clasificación (OCLC) (R) ; Numero de clasificación, CALL (RLIN) (NR) | EDU 2009-036 |
| 100 ## - ENTRADA PRINCIPAL--NOMBRE DE PERSONA | |
| Nombre de persona | PEÑA P., JESUS MARIA |
| 245 ## - MENCIÓN DEL TÍTULO | |
| Título | DESERCION ESCOLAR EN LOS CENTROS EDUCATIVOS DEL NIVEL BASICO DEL MUNICIPIO DE POLO DEL DISTRITO EDUCATIVO 01 04 DE CABRAL 2009 |
| Mención de responsabilidad, etc. | Jesús María Peña P., Dairin Féliz F., Gabriel Féliz F. |
| 260 ## - PUBLICACIÓN, DISTRIBUCIÓN, ETC. | |
| Lugar de publicación, distribución, etc. | Barahona : |
| Nombre del editor, distribuidor, etc. | UNIVERSIDAD CATOLICA TECNOLOGICA DE BARAHONA |
| 300 ## - DESCRIPCIÓN FÍSICA | |
| Extensión | iv, 162, [31]h . il / 28Cm |
| Otros detalles físicos | il. |
| 502 ## - NOTA DE TESIS | |
| Nota de tesis | Curso Optativo Equivalente a la Tesis (Lic. en Educación Básica). -- UCATEBA |
| 504 ## - NOTA DE BIBLIOGRAFÍA, ETC. | |
| Nota de bibliografía, etc. Nota | Incluye Bibliografía |
| 650 ## - PUNTO DE ACCESO ADICIONAL DE MATERIA--TÉRMINO DE MATERIA | |
| Fuente del encabezamiento o término | 1.DESERCION ESCOLAR EN EL NIVEL BASICO DE LA EDUCACION |
| 700 ## - ENTRADA AGREGADA--NOMBRE PERSONAL | |
| Nombre de persona | I.FELIZ F. DAIRIN, COAUT |
| 700 ## - ENTRADA AGREGADA--NOMBRE PERSONAL | |
| Nombre de persona | II.FELIZ F., GABRIEL, COAUT |
| Estatus retirado | Estado de pérdida | Estado de daño | No para préstamo | Colección | Biblioteca de origen | Biblioteca actual | Fecha de adquisición | Total de préstamos | Signatura topográfica completa | Código de barras | Visto por última vez | Fecha del último préstamo | Copia número | Precio de reemplazo | Tipo de ítem Koha |
|---|---|---|---|---|---|---|---|---|---|---|---|---|---|---|---|
| Acervo general de Libros | Biblioteca Central Mons. Favio M. Rivas S. | Biblioteca Central Mons. Favio M. Rivas S. | 19/03/2013 | 1 | EDU 2009-036 | 000000000452 | 23/03/2026 | 23/03/2026 | 1 | 23/05/2025 | Tesis |
